Generic interfaces in Latin literature (Record no. 151650)
[ view plain ]
| 000 -LEADER | |
|---|---|
| fixed length control field | 01477nam a2200349 a 4500 |
| 082 04 - DEWEY DECIMAL CLASSIFICATION NUMBER | |
| Classification number | 870.9/001 |
| 245 00 - TITLE STATEMENT | |
| Title | Generic interfaces in Latin literature |
| 260 ## - PUBLICATION, DISTRIBUTION, ETC. (IMPRINT) | |
| Place of publication | Berlin : |
| Name of publisher | De Gruyter, |
| Year of publication | 2013. |
| 300 ## - PHYSICAL DESCRIPTION | |
| Number of Pages | ix, 478 p. : |
| Other physical details | ill. |
| 650 #0 - SUBJECT ADDED ENTRY--TOPICAL TERM | |
| Topical Term | Latin literature |
| Topical Term | Literary form. |
| 700 1# - ADDED ENTRY--PERSONAL NAME | |
| Personal name | Papanghelis, Theodore D. |
| Personal name | Harrison, S. J. |
| Personal name | Frangoulidis, Stavros A. |
| 856 40 - ELECTRONIC LOCATION AND ACCESS | |
| Uniform Resource Identifier | http://site.ebrary.com/lib/rucke/Doc?id=10728956 |
No items available.
